00823nam a22002177a 4500999001500000003000900015008004100024020000900065040007100074082001800145100001700163245007500180260002800255300002600283505012200309650002700431700002400458942001600482945000900498952009800507  c3400d3400AR-CdUCM190306b           ||||| |||| 00| 0 esp d  aISBN  aMUNICIPALIDAD PROVINCIAL DEL CUSCOcBIBLIOTECA MUNICIPAL DEL CUSCO  a838.61 /bM22  aMann, Thomas  aGoethe y Tolstoi :bacerca del problema de la humanidad /cThomas Mann  aBuenos Aires :bCondor,  a156 paginas ;c18 cm.  aJerarquías -- Educación y confesión -- Enfermedad -- Libertad y nobleza -- Nobleza gentil -- Problemático ...  aLiteratura alemana993  aRoll, Sara C911230  2ddccLIBROS  aacrt  002ddc4070aSHbSHcCARTd2019-03-06g10.00o838.61 / M22pSH0000003048r2019-03-06yLIBROS